Catálogo

Vista normal Vista MARC

Entrada Personal Name

Número de registros utilizados en: 1

001 - CONTROL NUMBER

  • control field: 10872

003 - CONTROL NUMBER IDENTIFIER

  • control field: DLC

005 - DATE AND TIME OF LATEST TRANSACTION

  • control field: 20200907130801.0

008 - FIXED-LENGTH DATA ELEMENTS

  • fixed length control field: 830722n| azannaabn |n aaa

010 ## - LIBRARY OF CONGRESS CONTROL NUMBER

  • LC control number: n 83139922

035 ## - SYSTEM CONTROL NUMBER

  • System control number: (OCoLC)oca00970550

040 ## - CATALOGING SOURCE

  • Original cataloging agency: DLC
  • Language of cataloging: spa
  • Transcribing agency: Mx-PuUPA
  • Modifying agency: DLC
  • Description conventions: rda
  • Modifying agency: DNLM
  • Modifying agency: Mx-PuUPA

046 ## - SPECIAL CODED DATES

  • Birth date: 19410902

100 1# - HEADING--PERSONAL NAME

  • Personal name: Klug, William S.,
  • Dates associated with a name: 1941-

372 ## - FIELD OF ACTIVITY

  • Field of activity: Genética

374 ## - OCCUPATION

  • Occupation: Autor

375 ## - GENDER

  • Gender: hombre

670 ## - SOURCE DATA FOUND

  • Source citation: His Concepts of genetics, c1983:
  • Information found: t.p. (William S. Klug) p. vi (Dr.; prof. of biology & chm., Dept. of Biology, Trenton State Coll., Hillwood Lakes, N.J.)

670 ## - SOURCE DATA FOUND

  • Source citation: His Concepts of genetics, c1991:
  • Information found: CIP t.p. (William S. Klug) data sheet (b. 9/2/41)

670 ## - SOURCE DATA FOUND

  • Source citation: Biblioteca del congreso (Estados Unidos), 28 agosto 2020:
  • Information found: Catálogo electrónico
  • Uniform Resource Identifier: https://bit.ly/3gzzA3n